00722pab a2200133 454500008004000000100001700040245006700057260000900124300001500133362001000148520038200158650001400540773003400554180718b2000 xxu||||| |||| 00| 0 eng d aDeb, Kaushik aPrivate investment and policy developments in transport sector c2000 ap.1277-282 a8 Apr aLiberalisation has led to the state withdrawing gradually from several infrastructure sectors even as it has pushed up the requirements of capital for economic development. This has boosted the importance of private-sector investment, especially in infrastructure development. This paper reviews policy developments in the transport sector in this new environment. - Reproduced aTransport aEconomic and Political Weekly